| 000 | 00786nam a2200241Ia 4500 | ||
|---|---|---|---|
| 005 | 20250123101902.0 | ||
| 008 | 210716s2008 xx 000 0 und d | ||
| 020 | _a9788173197949 | ||
| 040 | _cAIMIT LIBRARY | ||
| 041 | _aeng | ||
| 082 |
_a001.0725748 _21 _bSINV |
||
| 245 |
_aBioinformatics computing / _cEdited by Vikram Singh, Dilbag Singh and Joginder Singh. |
||
| 250 | _a1st ed. | ||
| 260 |
_aNew Delhi : _bNarosa Publishing House , _c2008. |
||
| 300 |
_aix,207p. ; _bHB _c25.6 cm |
||
| 650 |
_aTechnology _9194731 |
||
| 650 |
_aApplication _9194732 |
||
| 650 |
_aOther issues in bioinformatics _9194733 |
||
| 700 |
_aSingh, Vikram., ed. _9194734 |
||
| 700 |
_aSingh, Dilbag., ed. _9194735 |
||
| 700 |
_aSingh, Joginder. _9194736 |
||
| 942 |
_2ddc _cBK _e1st _k001.0725748 SINV |
||
| 999 |
_c189492 _d189492 |
||